Popularne numery rap/trap tygodnia 16-22.07 Spotify. - Statystyki

Ogólne statystyki
  • Ten quiz został rozwiązany 14 razy
  • Średni wynik to 18 z 30
Statystyki odpowiedzi
Wykonawca Odsłuchania Utwór % Poprawnych
OIO 633K Worki W Tłum
86%
Ekipa, Jacuś 734K Zygzak
86%
OIO 765K Amerykańskie Teledyski
79%
Sobel 894K Bandyta
79%
Kizo 1.62M Disney
79%
Sobel 943K Fiołkowe Pole
79%
Mata 2.40M Kiss cam (podryw roku)
79%
Wiatr, Sobel, Be Vis 486K Testarossa
79%
Guzior, Oskar83 461K FALA
71%
Mata, White 2115 1.71M La la la (oh oh)
71%
Chivas, White 2115 595K Mam Na Twarzy Krew I Tym Razem Nie Jest Sztuczna
71%
Mata 709K Patoreakcja
71%
Guzior 477K BLUEBERRY
64%
White 2115 437K California
64%
Sobel 489K Kinol
64%
White 2115, Mata 483K Oh oh (lalala)
64%
Żabson, Kizo, ZetHa 1.00M Puerto Bounce
64%
Tommy Cash, Quebonafide 800K Benz-Dealer
57%
Kizo, Wac Toja 829K Nasze Lato
57%
Zdechły Osa 646K Patolove
57%
OIO 620K Przypadkiem
57%
White 2115 657K Booker (baw się)
50%
OIO 350K MVP
50%
Kizo, Trill Pem 390K Fitness
43%
Białas, White 2115 475K Święto Ogródka
43%
Sobel 460K Impreza
36%
Mata 470K Schodki
36%
Reto 421K Bourbon
29%
chillwagon 521K puff puff
29%
Tymek, Brodka, Urbanski 589K Ostatni
21%
Nie znaleziono quizów pasujących do podanych kryteriów
Rozkład punktacji
Procent ludzi z każdym wynikiem
Percentyl według liczby udzielonych odpowiedzi
Twoja historia wyników
Nie rozwiązałeś tego quizu